Environmental impact assessment in Colombia (Registro nro. 13657)

Detalles MARC
000 -CABECERA
Campo de control 006340000a22001930004500
090 ## - CLASIFICACIÓN LOCAL
Colección AR
Consecutivo 04557
041 0# - IDIOMA
Código de idioma para texto/pista de sonido o título separado
100 1# - ASIENTO PRINCIPAL--NOMBRE PERSONAL
Nombre personal Toro, Javier
245 10 - MENCION DE TITULO
Título Environmental impact assessment in Colombia
Version critical analysis and proposals for improvement
650 14 - ASIENTO SECUNDARIO DE MATERIA - TERMINO TEMATICO
Término temático o nombre geográfico como elemento de entrada Impacto ambiental
650 14 - ASIENTO SECUNDARIO DE MATERIA - TERMINO TEMATICO
Término temático o nombre geográfico como elemento de entrada Criterios de Evaluación
650 14 - ASIENTO SECUNDARIO DE MATERIA - TERMINO TEMATICO
Término temático o nombre geográfico como elemento de entrada Legislación ambiental
650 14 - ASIENTO SECUNDARIO DE MATERIA - TERMINO TEMATICO
Término temático o nombre geográfico como elemento de entrada EIA
651 #4 - ASIENTO SECUNDARIO DE MATERIA - NOMBRE GEOGRAFICO
-- Colombia
700 1# - ASIENTO SECUNDARIO - NOMBRE PERSONAL
Nombre personal Requena, Ignacio
700 1# - ASIENTO SECUNDARIO - NOMBRE PERSONAL
Nombre personal Zamorano, Monserrat
773 1# - Item fuente:
Título Environmental Impact Assessment Review
Paginas del Articulo 15 p.
Lugar, editorial y fecha de publicación 2009
Información sobre la relación En impresión
942 ## - ELEMENTOS ADICIONALES (KOHA)
Tipo de ítem Artículo
Existencias
Withdrawn status Lost status Damaged status No para préstamo Colección Ubicación Permanente Ubicación actual Fecha de adquisición Fuente de Valor Datos de publicación Seriada Total Checkouts Número topográfico Inventario / Código de Barras Date last seen Ejemplar Price effective from Forma de adquisición Tipo de material
      No para Préstamo Hemeroteca Bogotá Bogotá 20/11/2009 PUJ Fuera de circulación   AR 04557 027774 25/03/2015 1 25/03/2015   Artículo